书目信息 |
| 题名: |
宋濂全集
|
|
| 作者: | 罗月霞 主编 | |
| 分册: | 第一册 | |
| 出版信息: | 杭州 浙江古籍出版社 1999.12 |
|
| 页数: | 559页 | |
| 开本: | 32开 | |
| 丛书名: | ||
| 单 册: | ||
| 中图分类: | I214.72 | |
| 科图分类: | ||
| 主题词: | 文学--作品集--中国 | |
| 电子资源: | ||
| ISBN: | 7-80518-561-1 | |
| 000 | 00559nam0 2200193 45 | |
| 001 | 0106200852 | |
| 005 | 20031219104050.5 | |
| 010 | @a7-80518-561-1@b精装@dCNY45.00 | |
| 100 | @a20010620d1999 km y0chiy0120 ea | |
| 101 | 0 | @achi |
| 105 | @a z 000yy | |
| 200 | 1 | @a宋濂全集@h第一册@ASong Lian Quan Ji@f罗月霞主编@FLuo Yue Xia Zhu Bian |
| 210 | @a杭州@c浙江古籍出版社@d1999.12 | |
| 215 | @a559页@d32开 | |
| 606 | 0 | @a文学@x作品集@x中国 |
| 690 | @aI214.72@v4 | |
| 701 | @a罗月霞@4主编 | |
| 801 | @aCN@bTSTC@c20010620 | |
| 905 | @f2@b298610-611@dI214.72@e387:1 | |
| 宋濂全集.第一册/罗月霞主编.-杭州:浙江古籍出版社,1999.12 |
| 559页;32开 |
| ISBN 7-80518-561-1(精装):CNY45.00 |
| ● |
| 相关链接 |
|
|
|
|
正题名:宋濂全集
索取号:I214.72/387:1
 
预约/预借
| 序号 | 登录号 | 条形码 | 馆藏地/架位号 | 状态 | 备注 |
| 1 | 0298610 | 202986108 | 第二借阅区/ [索取号:I214.72/387:1] | 在馆 | |
| 2 | 0298611 | 202986117 | 第一样本阅览室/ [索取号:I214.72/387:1] | 在馆 |